Personajes de Disney - 2 - Estadísticas

Estadísticas generales
  • Esta prueba ha sido intentada 4.138 veces
  • La puntuación promedio es 11 de 20
Estadísticas de respuestas
Imagen Respuesta % Correcto
Capitán Garfio
94%
Goofy
90%
Mamá Coco
85%
Chicken Little
75%
Robin Hood
73%
Baloo
72%
Jessie
63%
Piglet
60%
Tambor
55%
Sven
53%
Marlin
51%
Lumière
50%
Flounder
47%
Flora
42%
Fauna
41%
Primavera
40%
Pongo
33%
Lucifer
31%
Reina
28%
Duquesa
20%
No se encontraron pruebas coincidentes
Distribución de puntuación
Porcentaje de gente con cada puntuación
Porcentaje por número respondido
Historial de tus puntuaciones
No has intentado esta prueba.